[Event "34. ABC-Turnier 2014 - Gruppe A"]
[Site "Dortmund"]
[Date "2014.11.20"]
[Round "6.4"]
[White "Zelt, Jens"]
[Black "Kropp, Andreas"]
[Result "1/2-1/2"]
[WhiteElo "2025"]
[BlackElo "1994"]
[PlyCount "101"]
[EventDate "2014.??.??"]

1. d4 g6 2. g3 Bg7 3. Bg2 Nf6 4. Nf3 O-O 5. O-O d6 6. h3 c6 7. e3 Qc7 8. b3 a5
9. a3 Nbd7 10. Bb2 a4 11. c4 axb3 12. Qxb3 e5 13. Nc3 Re8 14. Rfc1 Qb6 15. Qc2
Qa6 16. Bf1 Qa5 {(=)} 17. Nd2 Qc7 18. Nb3 Nf8 19. d5 N8d7 20. Bg2 Nb8 21. e4
Na6 22. Qd2 Nd7 23. Rd1 Ndc5 24. Nxc5 Nxc5 25. Rab1 Nb3 26. Qe3 Nd4 27. Rf1 Bd7
28. Qd3 Rac8 29. Rfd1 f5 30. Kh2 Kh8 31. Rbc1 Qd8 32. dxc6 bxc6 33. c5 Rb8 34.
Rb1 dxc5 35. a4 Be6 36. Ba3 Qa5 37. Qe3 f4 38. Qc1 c4 39. Rxb8 Rxb8 40. gxf4
exf4 41. Bd6 Rb3 42. Nb1 f3 43. Bf1 Ne2 44. Qd2 Qh5 45. Bg3 Rd3 46. Qc2 Rd4 47.
Rxd4 Bxd4 48. Nd2 Nxg3 49. fxg3 c3 50. Nc4 Bxc4 51. Bxc4 1/2-1/2

[Event "34. ABC-Turnier 2014 - Gruppe A"]
[Site "Dortmund"]
[Date "2014.11.20"]
[Round "6.5"]
[White "Grube, Jörg"]
[Black "Khess, Igor"]
[Result "1-0"]
[WhiteElo "1795"]
[BlackElo "1903"]
[PlyCount "31"]
[EventDate "2014.??.??"]

1. e4 e5 2. Nf3 Nc6 3. Bb5 a6 4. Ba4 Nf6 5. O-O d6 6. d4 b5 7. Bb3 exd4 8. Ng5
Be6 9. Nxe6 fxe6 10. Bxe6 Qe7 11. Bd5 Kd7 12. f3 Nxd5 13. exd5 Nb4 14. Qxd4
Nxc2 15. Qc3 Nxa1 16. Qc6+ 1-0

[Event "34. ABC-Turnier 2014 - Gruppe A"]
[Site "Dortmund"]
[Date "2014.11.27"]
[Round "7.1"]
[White "Khess, Igor"]
[Black "Brendemühl, Bernd"]
[Result "0-1"]
[WhiteElo "1903"]
[BlackElo "1894"]
[PlyCount "68"]
[EventDate "2014.??.??"]

1. e4 c5 2. d3 Nc6 3. Nc3 e6 4. g3 Nf6 5. Bf4 d5 6. Bg2 d4 7. Nb1 e5 8. Bd2 b5
9. f4 Bd6 10. fxe5 Nxe5 11. Ne2 O-O 12. O-O h6 13. h3 Rb8 14. Kh2 Bc7 15. Be1
h5 16. Nd2 h4 17. Nf3 Nxf3+ 18. Rxf3 Nh7 19. Nf4 Ng5 20. Rf1 Ne6 21. Qh5 Rb6
22. Nd5 Bxg3+ 23. Bxg3 hxg3+ 24. Kxg3 Rd6 25. Rf5 Nc7 26. Rf4 Nxd5 27. exd5
Rg6+ 28. Kh2 Qd6 29. Raf1 Rh6 30. Qg5 Re8 31. Qg3 Re2 32. R1f2 Rg6 33. Rxe2
Rxg3 34. Re8+ Kh7 0-1

[Event "34. ABC-Turnier 2014 - Gruppe A"]
[Site "Dortmund"]
[Date "2014.11.27"]
[Round "7.2"]
[White "Kropp, Andreas"]
[Black "Grube, Jörg"]
[Result "1/2-1/2"]
[WhiteElo "1994"]
[BlackElo "1795"]
[PlyCount "78"]
[EventDate "2014.??.??"]

1. e4 e5 2. Nf3 Nc6 3. Nc3 Nf6 4. Bb5 Bb4 5. Nd5 Nxd5 6. exd5 Ne7 7. Nxe5 Nxd5
8. O-O O-O 9. d4 c6 10. Bd3 d6 11. Nc4 b5 12. Ne3 Nxe3 13. Bxe3 Ba5 14. d5 cxd5
15. Qh5 f5 16. Bxb5 Rb8 17. Ba4 Rb4 18. Bb3 Be6 19. Rad1 Rh4 20. Qe2 Qf6 21. g3
Re4 22. Qb5 Rxe3 23. fxe3 Bb6 24. Bxd5 Kh8 25. Qb3 Bd7 26. Kg2 Re8 27. e4 Qe5
28. Rfe1 f4 29. Rf1 fxg3 30. Rf7 Qh5 31. Rxd7 Qxh2+ 32. Kf3 Qf2+ 33. Kg4 h5+
34. Kxh5 Qe2+ 35. Kh4 Bf2 36. Qd3 g5+ {(=)} 37. Kh3 Qh5+ 38. Kg2 Qh2+ 39. Kf3
Qh5+ 1/2-1/2

[Event "34. ABC-Turnier 2014 - Gruppe A"]
[Site "Dortmund"]
[Date "2014.11.27"]
[Round "7.3"]
[White "Guddat, Jörn"]
[Black "Zelt, Jens"]
[Result "0-1"]
[WhiteElo "1802"]
[BlackElo "2025"]
[PlyCount "98"]
[EventDate "2014.??.??"]

1. d4 f5 2. Nf3 Nf6 3. c4 e6 4. g3 Be7 5. Bg2 O-O 6. Nc3 d6 7. O-O a6 8. Qc2 d5
9. c5 Nc6 10. a3 Bd7 11. b4 Ne4 12. Bf4 g5 13. Be5 g4 14. Nd2 Nxe5 15. dxe5 Qe8
16. f3 gxf3 17. exf3 Nxc3 18. Qxc3 f4 19. Rf2 Qg6 20. Nf1 Rf7 21. Qc2 Qg5 22.
Re1 Raf8 23. Qc3 Qh6 24. gxf4 Rxf4 25. Ng3 Bh4 26. Rd1 Be8 27. Rd4 Kh8 28. Rxf4
Qxf4 29. Qd2 Bxg3 30. hxg3 Qxg3 31. Qh6 Qg8 32. Kf1 Rf5 33. f4 Bg6 34. Qh4 Qe8
35. Bf3 Qf8 36. Bd1 Rf7 37. Ke2 Be4 38. Ke3 Qe7 39. Qh6 Rg7 40. Qh3 Bf5 41. Qh2
Rg6 42. Bf3 a5 43. Rd2 axb4 44. axb4 b6 45. Kd4 bxc5+ 46. bxc5 Qe8 47. Kc3 Qb5
48. Qf2 Qa5+ 49. Kb2 Qb4+ 0-1

[Event "34. ABC-Turnier 2014 - Gruppe A"]
[Site "Dortmund"]
[Date "2014.11.28"]
[Round "7.4"]
[White "Riesenbeck, Jürgen"]
[Black "Göldenboog, Jürgen"]
[Result "1-0"]
[WhiteElo "1922"]
[BlackElo "1893"]
[PlyCount "89"]
[EventDate "2014.??.??"]

1. e4 c6 2. d4 d5 3. e5 c5 4. dxc5 Nc6 5. Nf3 Bg4 6. Bb5 e6 7. Be3 Qc7 8. c3
Nge7 9. Nbd2 a6 10. Qa4 Bxf3 11. Nxf3 O-O-O 12. Bxc6 Nxc6 13. Bd4 g5 14. O-O g4
15. Nd2 Bh6 16. f4 f6 17. Nb3 fxe5 18. fxe5 Rhf8 19. Rf6 Rxf6 20. exf6 e5 21.
Bf2 e4 22. Nd4 Nxd4 23. cxd4 Rf8 24. Bg3 Be3+ 25. Kh1 Qc6 26. Qxc6+ bxc6 27.
Be5 Kd7 28. b4 Bd2 29. Rb1 e3 30. Kg1 e2 31. Kf2 e1=Q+ 32. Rxe1 Bxe1+ 33. Kxe1
a5 34. a3 Ke6 35. Kf2 Rf7 36. Kg3 Kf5 37. bxa5 h5 38. a6 Kg5 39. h4+ gxh3 40.
Kxh3 Ra7 41. f7 Rxf7 42. Bb8 Re7 43. g3 h4 44. a7 hxg3 45. a8=Q 1-0

[Event "34. ABC-Turnier 2014 - Gruppe A"]
[Site "Dortmund"]
[Date "2014.11.27"]
[Round "7.5"]
[White "Zachos, Ingo"]
[Black "Begna, Bozidar"]
[Result "1-0"]
[WhiteElo "1869"]
[BlackElo "1912"]
[PlyCount "63"]
[EventDate "2014.??.??"]

1. g3 c6 2. Bg2 e5 3. d3 d5 4. Nf3 Bd6 5. O-O Nf6 6. Nbd2 O-O 7. e4 Na6 8. a3
Bg4 9. b4 Nc7 10. c3 Qd7 11. Qb3 Bh3 12. c4 Bxg2 13. Kxg2 Rfe8 14. Re1 dxe4 15.
dxe4 Ne6 16. c5 Bc7 17. Bb2 Rad8 18. Nc4 Nd4 19. Bxd4 exd4 20. e5 Nd5 21. Rad1
d3 22. h3 Re6 23. Nd6 Rg6 24. Re4 Bxd6 25. cxd6 Re8 26. Qxd3 Rh6 27. h4 Qf5 28.
b5 Qd7 29. bxc6 bxc6 30. Nd4 Rb8 31. Nxc6 Rb5 32. Qxb5 1-0

[Event "34. ABC-Turnier 2014 - Gruppe A"]
[Site "Dortmund"]
[Date "2014.12.04"]
[Round "8.1"]
[White "Brendemühl, Bernd"]
[Black "Begna, Bozidar"]
[Result "0-1"]
[WhiteElo "1894"]
[BlackElo "1912"]
[PlyCount "110"]
[EventDate "2014.??.??"]

1. e4 d6 2. c4 c5 3. Nc3 g6 4. Nf3 Nc6 5. d4 cxd4 6. Nxd4 Bg7 7. Be3 Nf6 8. Be2
Bd7 9. O-O Rc8 10. h3 Ne5 11. b3 Qa5 12. Rc1 O-O 13. Qd2 Nc6 14. f4 Nxd4 15.
Bxd4 Bc6 16. Bf3 e5 17. Be3 Rfe8 18. f5 gxf5 19. exf5 e4 20. Be2 Re5 21. g4 Ne8
22. Bd4 Nf6 23. Bxe5 Qxe5 24. Qe3 d5 25. cxd5 Nxd5 26. Nxd5 Qxd5 27. Rfd1 Qe5
28. Rc2 Qf6 29. g5 Qe5 30. f6 Bf8 31. Bg4 Re8 32. a4 a5 33. Rc4 Bd6 34. Rd2 Bb4
35. Rxb4 axb4 36. Bd7 Bxd7 37. Rxd7 Rc8 38. Re7 Qa1+ 39. Kg2 Qb2+ 40. Kg3 h6
41. Kh4 Kf8 42. Qxe4 hxg5+ 43. Kxg5 Rc5+ 44. Kg4 Qxf6 45. Re8+ Kg7 46. h4 Qd6
47. Re7 Rd5 48. Kf3 Rd3+ 49. Ke2 Rd2+ 50. Kf3 Qf6+ 51. Kg3 Qf2+ 52. Kh3 Qh2+
53. Kg4 Qg1+ 54. Kh5 Rd5+ 55. Re5 Qg6+ 0-1

[Event "34. ABC-Turnier 2014 - Gruppe A"]
[Site "Dortmund"]
[Date "2014.12.04"]
[Round "8.2"]
[White "Göldenboog, Jürgen"]
[Black "Zachos, Ingo"]
[Result "1-0"]
[WhiteElo "1893"]
[BlackElo "1869"]
[PlyCount "47"]
[EventDate "2014.??.??"]

1. d4 c5 2. c3 e6 3. g3 Nf6 4. Bg2 Be7 5. Nf3 O-O 6. O-O Nc6 7. a3 d5 8. Bg5
Qb6 9. dxc5 Qxb2 10. Nbd2 Qxc3 11. Nb3 Ne4 12. Bxe7 Nxe7 13. Rc1 Qb2 14. Nfd4
e5 15. Rb1 Qxa3 16. Nb5 Qa4 17. Bxe4 Qxe4 18. Nd6 Qg6 19. Na5 Bh3 20. Rxb7 Nc8
21. Nc6 Kh8 22. Nxe5 Qe6 23. Nexf7+ Rxf7 24. Nxf7+ 1-0

[Event "34. ABC-Turnier 2014 - Gruppe A"]
[Site "Dortmund"]
[Date "2014.12.04"]
[Round "8.3"]
[White "Zelt, Jens"]
[Black "Riesenbeck, Jürgen"]
[Result "1/2-1/2"]
[WhiteElo "2025"]
[BlackElo "1922"]
[PlyCount "68"]
[EventDate "2014.??.??"]

1. d4 Nf6 2. Nf3 g6 3. h3 Bg7 4. Bf4 d5 5. e3 c5 6. c3 O-O 7. Nbd2 cxd4 8. exd4
Nc6 9. Be2 Re8 10. O-O Bd7 11. Re1 a5 12. a4 Na7 13. Ne5 Bc6 14. Bf3 Nd7 15.
Nd3 b5 16. axb5 Nxb5 17. Qb3 e6 18. Rec1 Bf8 19. Be2 Nd6 20. Ne5 Nxe5 21. Bxe5
Qd7 22. Bf4 a4 23. Qd1 Rec8 24. Nf3 Bb5 25. Nd2 Bxe2 26. Qxe2 Qb5 27. Qf3 Nc4
28. Nxc4 Qxc4 29. Rc2 Qb3 30. Qd3 a3 31. bxa3 Rxa3 32. Rxa3 Qxa3 33. Kf1 Bd6
34. Bxd6 Qxd6 1/2-1/2

[Event "34. ABC-Turnier 2014 - Gruppe A"]
[Site "Dortmund"]
[Date "2014.12.11"]
[Round "8.4"]
[White "Grube, Jörg"]
[Black "Guddat, Jörn"]
[Result "1-0"]
[WhiteElo "1795"]
[BlackElo "1802"]
[PlyCount "55"]
[EventDate "2014.??.??"]

1. d4 d5 2. c4 e6 3. Nc3 c5 4. cxd5 exd5 5. Nf3 Nc6 6. g3 Nf6 7. Bg2 Be7 8. O-O
O-O 9. Bg5 c4 10. Ne5 Be6 11. e3 Nd7 12. Nxc6 bxc6 13. Bxe7 Qxe7 14. b3 Rfc8
15. bxc4 dxc4 16. e4 Rab8 17. Qc2 Qa3 18. Rab1 Nf6 19. f4 g6 20. h3 Rd8 21. Rf3
Rxb1+ 22. Qxb1 Qa5 23. Qc1 Rxd4 24. f5 gxf5 25. Qg5+ Kf8 26. Qxf6 Qb6 27. Rf2
fxe4 28. Qxe6 1-0

[Event "34. ABC-Turnier 2014 - Gruppe A"]
[Site "Dortmund"]
[Date "2014.12.17"]
[Round "8.5"]
[White "Khess, Igor"]
[Black "Kropp, Andreas"]
[Result "0-1"]
[WhiteElo "1903"]
[BlackElo "1994"]
[PlyCount "82"]
[EventDate "2014.??.??"]

1. e4 e5 2. Nf3 d6 3. Bc4 g6 4. Nc3 Bg7 5. d3 c6 6. a3 Nf6 7. Be3 O-O 8. Bb3
Na6 9. Qd2 Qe7 10. O-O-O Nc5 11. Ba2 Be6 12. Bxe6 Nxe6 13. h3 Nh5 14. Bh6 Qf6
15. Bxg7 Qxg7 16. Ne2 a5 17. g4 Nhf4 18. Ng3 Qf6 19. h4 b5 20. g5 Qe7 21. Nh2
f6 22. gxf6 Qxf6 23. Ng4 Qe7 24. h5 Qg5 25. Ne3 Nd4 26. Kb1 Rf7 27. Rdf1 b4 28.
a4 d5 29. Qd1 Raf8 30. Rfg1 Qd8 31. Ngf5 Nxf5 32. Nxf5 Rf6 33. Qg4 Kh8 34. Qg5
Ne6 35. Qg3 (35. Qxf6+ $1 Rxf6 36. hxg6) 35... gxf5 36. Qxe5 fxe4 37. dxe4 Qb8
38. Qxb8 Rxb8 39. exd5 cxd5 40. Re1 Kg7 41. Re5 Rd8 0-1

[Event "34. ABC-Turnier 2014 - Gruppe A"]
[Site "Dortmund"]
[Date "2014.12.11"]
[Round "9.1"]
[White "Kropp, Andreas"]
[Black "Brendemühl, Bernd"]
[Result "1/2-1/2"]
[WhiteElo "1994"]
[BlackElo "1894"]
[PlyCount "37"]
[EventDate "2014.??.??"]

1. d4 Nf6 2. Nf3 e6 3. c4 d5 4. Nc3 c6 5. cxd5 exd5 6. Bf4 Bd6 7. Bg3 Bxg3 8.
hxg3 Qb6 9. Qd2 Bf5 10. e3 Nbd7 11. Nh4 Be6 12. Bd3 g6 13. Nf3 Rc8 14. Rc1 O-O
15. Ng5 Rfe8 16. Nxe6 Rxe6 17. Be2 Ne4 18. Nxe4 Rxe4 19. Bf3 {(=)} 1/2-1/2

[Event "34. ABC-Turnier 2014 - Gruppe A"]
[Site "Dortmund"]
[Date "2014.12.18"]
[Round "9.2"]
[White "Guddat, Jörn"]
[Black "Khess, Igor"]
[Result "0-1"]
[WhiteElo "1802"]
[BlackElo "1903"]
[PlyCount "108"]
[EventDate "2014.??.??"]

1. d4 c6 2. c4 d6 3. Nc3 e5 4. dxe5 dxe5 5. Qxd8+ Kxd8 6. Nf3 f6 7. e4 Na6 8.
Be3 Bb4 9. Rc1 Nc5 10. Nd2 Ne6 11. a3 Bxc3 12. Rxc3 c5 13. b4 b6 14. bxc5 bxc5
15. Nb3 Bb7 16. Bd3 Rc8 17. O-O g5 18. f3 Ne7 19. Na5 Ba8 20. Bc2 Nc6 21. Nxc6+
Bxc6 22. Rb1 Kc7 23. Kf2 Rb8 24. Rxb8 Rxb8 25. Rb3 Rd8 26. Rd3 Nd4 27. Bd1 Rb8
28. Bxd4 cxd4 29. Rb3 Rxb3 30. Bxb3 Kb6 31. Ke2 Kc5 32. Kd3 Bd7 33. Bd1 Be6 34.
Bb3 a5 35. Ba4 Bxc4+ 36. Kd2 Bf1 37. g3 Kc4 38. Ke1 Bg2 39. Kf2 Bh1 40. Bd1 Kd3
41. a4 Kd2 42. Bb3 d3 43. g4 Kc1 44. Ke3 d2 45. Ke2 Bg2 46. Kf2 d1=Q 47. Bxd1
Kxd1 48. Kxg2 Kc2 49. h4 h6 50. hxg5 hxg5 51. Kf2 Kb3 52. Ke3 Kxa4 53. Kd2 Kb3
54. Kc1 Kc3 0-1

[Event "34. ABC-Turnier 2014 - Gruppe A"]
[Site "Dortmund"]
[Date "2014.12.18"]
[Round "9.3"]
[White "Riesenbeck, Jürgen"]
[Black "Grube, Jörg"]
[Result "1-0"]
[WhiteElo "1922"]
[BlackElo "1795"]
[PlyCount "77"]
[EventDate "2014.??.??"]

1. e4 c6 2. d4 d5 3. e5 c5 4. dxc5 e6 5. Be3 Nh6 6. c3 Nf5 7. Bd4 Nd7 8. b4 a5
9. a3 axb4 10. cxb4 b6 11. c6 Nb8 12. b5 Qc7 13. Nf3 Nxc6 14. bxc6 Bc5 15. Bxc5
bxc5 16. Bb5 Nd4 17. Nxd4 Qxe5+ 18. Qe2 Qxd4 19. Ra2 c4 20. O-O Qc5 21. a4 Ba6
22. Nc3 O-O 23. Rb1 d4 24. Ne4 Qd5 {(=)} 25. Bxa6 Rxa6 26. Rb5 Qxc6 27. Rc5 d3
28. Qe1 d2 29. Rxd2 Qxa4 30. Qc1 Rb6 31. Rxc4 Qxc4 32. Qxc4 Rb1+ 33. Qf1 Rxf1+
34. Kxf1 f5 35. Ng5 e5 36. Ne6 Re8 37. Rd8 Rxd8 38. Nxd8 g5 39. Nc6 1-0

[Event "34. ABC-Turnier 2014 - Gruppe A"]
[Site "Dortmund"]
[Date "2014.12.18"]
[Round "9.4"]
[White "Zachos, Ingo"]
[Black "Zelt, Jens"]
[Result "1/2-1/2"]
[WhiteElo "1869"]
[BlackElo "2025"]
[PlyCount "70"]
[EventDate "2014.??.??"]

1. d3 d5 2. Nf3 b6 3. g3 Bb7 4. Bg2 Nf6 5. O-O e6 6. Nbd2 Nbd7 7. e4 dxe4 8.
Ng5 Be7 9. Ndxe4 Rb8 10. Qe2 O-O 11. Re1 h6 12. Nxf6+ Nxf6 13. Nf3 c5 14. Bf4
Bd6 15. Ne5 Bxg2 16. Kxg2 Qc7 17. Qf3 Nd5 18. c4 Nxf4+ 19. gxf4 Qb7 20. Rad1
Qxf3+ 21. Kxf3 Bxe5 22. fxe5 Rfd8 23. Re4 Rd7 24. a3 Rbd8 25. Ke3 Rd4 26. Rxd4
Rxd4 27. f4 Kf8 28. b4 Ke7 29. bxc5 bxc5 30. Rb1 Rd7 31. Rb8 Rc7 32. Rh8 Rc6
33. Rb8 Rc7 34. Rh8 Rc6 35. Rb8 Rc7 1/2-1/2

[Event "34. ABC-Turnier 2014 - Gruppe A"]
[Site "Dortmund"]
[Date "2014.12.18"]
[Round "9.5"]
[White "Begna, Bozidar"]
[Black "Göldenboog, Jürgen"]
[Result "1-0"]
[WhiteElo "1912"]
[BlackElo "1893"]
[PlyCount "91"]
[EventDate "2014.??.??"]

1. e4 c6 2. d4 d5 3. e5 Qb6 4. c3 Bf5 5. Nf3 e6 6. Nh4 Bxb1 7. Rxb1 Nd7 8. Bd3
c5 9. Qb3 Qxb3 10. axb3 cxd4 11. cxd4 Bb4+ 12. Bd2 a5 13. Ra1 Bxd2+ 14. Kxd2
Ne7 15. Bb5 g5 16. Nf3 g4 17. Nh4 Ng6 18. Nxg6 hxg6 19. b4 b6 20. g3 Ke7 21.
Rhc1 Ra7 22. Rc6 Rxh2 23. Ke3 f6 24. exf6+ Nxf6 25. Bd3 g5 26. Rxb6 a4 27. b5
Nd7 28. Ra6 Rxa6 29. bxa6 Nb6 30. Bb5 Rh8 31. Rc1 Ra8 32. Rc7+ Kf6 33. a7 a3
34. bxa3 Nc8 35. Rxc8 Rxc8 36. Bc6 Rxc6 37. a8=Q Rc3+ 38. Kd2 Rf3 39. Ke2 Kf5
40. Qh8 Kg6 41. Qe5 Kh5 42. a4 Ra3 43. Kf1 Kg6 44. Qxe6+ Kh5 45. Qxd5 Ra1+ 46.
Kg2 1-0

[Event "34. ABC-Turnier 2014 - Gruppe B"]
[Site "Dortmund"]
[Date "2014.10.02"]
[Round "1.1"]
[White "Ropers, Klaus"]
[Black "Rahner, Norbert"]
[Result "1-0"]
[WhiteElo "1705"]
[BlackElo "1667"]
[PlyCount "89"]
[EventDate "2014.??.??"]

1. d4 Nf6 2. c4 c5 3. d5 g6 4. Nc3 d6 5. g3 Bg7 6. Bg2 O-O 7. Nf3 Bg4 8. O-O a6
9. a4 Qc8 10. Re1 Nbd7 11. Qd3 Re8 12. Bf4 Nh5 13. Bd2 Ne5 14. Nxe5 Bxe5 15. f4
Bf6 16. e4 Bd4+ 17. Be3 Bxe3+ 18. Rxe3 Ng7 19. Qf1 Rb8 20. h3 Bd7 21. Kh2 Qc7
22. g4 e6 23. Rd1 f5 24. e5 dxe5 25. fxe5 fxg4 26. hxg4 Rf8 27. Qe2 Rf4 28. d6
Qd8 29. Re4 Qh4+ 30. Kg1 Rbf8 31. Rxf4 Rxf4 32. Ne4 b6 33. Rf1 Rxf1+ 34. Qxf1
Ne8 35. g5 Bxa4 36. Qd3 Bd7 37. Qc3 h6 38. gxh6 Qxh6 39. Qg3 Kg7 40. Ng5 Kg8
41. Bf3 Ng7 42. Be4 Kf8 43. Qf4+ Nf5 44. Bxf5 gxf5 45. Nxe6+ {
und Schwarz gab im irrtuemlich Glauben, seine Dame zu verlieren, auf!} (45.
Nxe6+ Qxe6 $1 $19) 1-0

[Event "34. ABC-Turnier 2014 - Gruppe B"]
[Site "Dortmund"]
[Date "2014.10.09"]
[Round "1.2"]
[White "Rauschenbusch, Udo"]
[Black "Schultz, Bernfried"]
[Result "0-1"]
[WhiteElo "1648"]
[BlackElo "1800"]
[PlyCount "72"]
[EventDate "2014.??.??"]

1. c4 Nf6 2. g3 e6 3. Bg2 d5 4. d4 dxc4 5. Qa4+ Bd7 6. Qxc4 Bc6 7. Nf3 Bd6 8.
Nc3 a6 9. a4 Nbd7 10. a5 O-O 11. O-O h6 12. Re1 Nd5 13. e4 Nxc3 14. bxc3 e5 15.
Ba3 Qe7 16. Qb3 exd4 17. Bxd6 cxd6 18. Nxd4 Rab8 19. Nf5 Qf6 20. Rad1 Nc5 21.
Qc2 Ba4 22. Qd2 Bxd1 23. Rxd1 Rfd8 24. Ne3 Qe6 25. f3 Qb3 26. Bf1 Qa4 27. Nf5
Qxa5 28. Bc4 Ne6 29. Ne7+ Kf8 30. Nf5 Qc5+ 31. Ne3 b5 32. Ba2 Rbc8 33. Rc1 b4
34. Kg2 a5 35. Nd5 Nd4 36. Qf4 Ne2 0-1

[Event "34. ABC-Turnier 2014 - Gruppe B"]
[Site "Dortmund"]
[Date "2014.10.09"]
[Round "1.3"]
[White "König, Daniela"]
[Black "Stein, Daniel"]
[Result "0-1"]
[WhiteElo "1691"]
[BlackElo "1639"]
[PlyCount "30"]
[EventDate "2014.??.??"]

1. e4 e6 2. d4 d5 3. exd5 exd5 4. Nf3 Nf6 5. Bd3 c5 6. dxc5 Bxc5 7. O-O O-O 8.
Re1 Nc6 9. h3 Qd6 10. Nc3 Bxh3 11. Na4 Qg3 12. Bf1 Bxf2+ 13. Kh1 Bxe1 14. gxh3
Ne4 15. Be3 Bf2 0-1

[Event "34. ABC-Turnier 2014 - Gruppe B"]
[Site "Dortmund"]
[Date "2014.10.02"]
[Round "1.4"]
[White "Rzoczek, Christoph"]
[Black "Schulz-Runge, Michael"]
[Result "1/2-1/2"]
[WhiteElo "1600"]
[BlackElo "1707"]
[PlyCount "120"]
[EventDate "2014.??.??"]

1. d4 Nf6 2. Nf3 e6 3. a3 c5 4. Bf4 Qb6 5. b3 Nd5 6. Bg3 Nc6 7. e3 cxd4 8. Nxd4
Qa5+ 9. Nd2 Nxd4 10. exd4 Qc3 11. Bc4 Qxd4 12. O-O b5 13. Bd3 Bb7 14. Qe1 Nf6
15. Qe5 Qxe5 16. Bxe5 a6 17. c4 Ng4 18. Bb2 Bd6 19. h3 Be5 20. Ra2 Bxb2 21.
hxg4 Bc3 22. cxb5 axb5 23. Bxb5 Ke7 24. Rd1 Rhd8 25. Nc4 d5 26. Nb6 Ra5 27. Bd3
Rd6 28. Na4 Bf6 29. Rc1 Rc6 30. Rac2 Rxc2 31. Rxc2 Kd6 32. Kf1 Bc6 33. Ra2 e5
34. f3 Bxa4 35. bxa4 Rxa4 36. Bb5 Ra7 37. a4 Bd8 38. Rc2 Rc7 39. Rxc7 Bxc7 40.
Ke2 e4 $2 (40... h5 $5 {
Schulenburg - Schwarz sollte die Bildung des Freibauernduos d5/e5 erzwingen!}
41. Be8 $1 Ke6 42. gxh5 f5 43. g4 fxg4 44. fxg4 Bd8) 41. Be8 f6 42. fxe4 dxe4
43. Ke3 Ke5 44. Bc6 Bb6+ 45. Ke2 f5 46. gxf5 Kxf5 47. Bd7+ Kf4 48. g4 g6 49.
Be6 h5 50. gxh5 gxh5 51. Bh3 h4 52. Bg2 e3 53. Bc6 h3 54. Kf1 Ke5 55. Bf3 Kd4
56. Be2 $2 (56. Kg1 $1 $11) 56... Kc3 57. Bf3 Kd2 58. Bg4 Ba5 59. Kg1 Bb6 60.
Kh2 e2 {(=)} 1/2-1/2

[Event "34. ABC-Turnier 2014 - Gruppe B"]
[Site "Dortmund"]
[Date "2014.10.02"]
[Round "1.5"]
[White "Schlepütz, Volker"]
[Black "Reschop, Romano"]
[Result "1/2-1/2"]
[WhiteElo "1570"]
[BlackElo "1701"]
[PlyCount "42"]
[EventDate "2014.??.??"]

1. d4 Nf6 2. c4 e5 3. dxe5 Ne4 4. Nf3 Bb4+ 5. Bd2 Nxd2 6. Nbxd2 Nc6 7. e3 Qe7
8. a3 Bxd2+ 9. Qxd2 Nxe5 10. Nxe5 Qxe5 11. Be2 O-O 12. O-O d6 13. Bf3 Be6 14.
Rac1 Rfd8 15. Rfd1 Rd7 16. Qb4 c6 17. Qc3 Rad8 18. b3 Qxc3 19. Rxc3 d5 20. cxd5
Bxd5 21. Rcd3 Be6 {(=)} 1/2-1/2

[Event "34. ABC-Turnier 2014 - Gruppe B"]
[Site "Dortmund"]
[Date "2014.10.16"]
[Round "2.1"]
[White "Rahner, Norbert"]
[Black "Reschop, Romano"]
[Result "1-0"]
[WhiteElo "1667"]
[BlackElo "1701"]
[PlyCount "63"]
[EventDate "2014.??.??"]

1. c4 c5 2. Nf3 Nf6 3. d4 e6 4. Nc3 d5 5. e3 Nc6 6. Be2 a6 7. a3 Bd6 8. dxc5
Bxc5 9. b4 Bd6 10. Bb2 O-O 11. O-O dxc4 12. Bxc4 Qc7 13. Qe2 Ne5 14. Nxe5 Bxe5
15. f4 Bd6 16. Rac1 Qb8 17. Bd3 b6 18. Ne4 Nxe4 19. Bxe4 Bb7 20. Bb1 e5 21.
fxe5 Bxe5 22. Qh5 f5 23. Rxf5 Bxb2 24. Rxf8+ Kxf8 25. Rf1+ Bf6 26. Ba2 Qe8 27.
Qxh7 Qxe3+ 28. Kh1 Bxg2+ $2 29. Kxg2 Qg5+ 30. Kh1 Ke7 31. Qe4+ Qe5 32. Qxa8 1-0

[Event "34. ABC-Turnier 2014 - Gruppe B"]
[Site "Dortmund"]
[Date "2014.10.16"]
[Round "2.2"]
[White "Schulz-Runge, Michael"]
[Black "Schlepütz, Volker"]
[Result "1-0"]
[WhiteElo "1707"]
[BlackElo "1570"]
[PlyCount "36"]
[EventDate "2014.??.??"]

1. c4 c5 2. g3 Nc6 3. e3 g6 4. Nc3 Bg7 5. Bg2 Nf6 6. Nge2 O-O 7. O-O e5 8. a3
Ne7 9. d4 cxd4 10. exd4 exd4 11. Nxd4 d5 12. c5 Ne4 13. Nxe4 dxe4 14. Nb5 Qa5
15. a4 Rd8 16. Qc2 f5 17. Qc4+ Kh8 18. Bg5 Rd4 $4 {
und Schwarz gab auf, ohne die Antwort 19.Sxd4 abzuwarten.} 1-0

[Event "34. ABC-Turnier 2014 - Gruppe B"]
[Site "Dortmund"]
[Date "2014.10.16"]
[Round "2.3"]
[White "Stein, Daniel"]
[Black "Rzoczek, Christoph"]
[Result "1/2-1/2"]
[WhiteElo "1639"]
[BlackElo "1600"]
[PlyCount "72"]
[EventDate "2014.??.??"]

1. d4 Nf6 2. Bg5 c6 3. Bxf6 exf6 4. c4 d5 5. cxd5 Qxd5 6. Nc3 Qa5 7. e3 Na6 8.
Qd2 Bf5 9. Bd3 Bxd3 10. Qxd3 Qg5 11. Qe4+ Be7 12. Nge2 f5 13. Qf4 Qg6 14. Ng3
Nb4 15. O-O O-O 16. Qxf5 Qd6 17. a3 g6 18. Qe4 f5 19. Qb1 Na6 20. Qd3 Rad8 21.
Rad1 b5 22. b4 Nc7 23. Nge2 Ne6 24. g3 Bg5 25. Nf4 a6 26. Nxe6 Qxe6 27. Ne2 h5
28. Nf4 Bxf4 29. exf4 Qd5 30. Rfe1 Rfe8 31. Re5 Qd6 32. Qe3 Kf7 33. Qb3+ Kf8
34. Rde1 Rxe5 35. dxe5 Qd5 36. Qxd5 Rxd5 1/2-1/2

[Event "34. ABC-Turnier 2014 - Gruppe B"]
[Site "Dortmund"]
[Date "2014.10.16"]
[Round "2.4"]
[White "Schultz, Bernfried"]
[Black "König, Daniela"]
[Result "1-0"]
[WhiteElo "1800"]
[BlackElo "1691"]
[PlyCount "79"]
[EventDate "2014.??.??"]

1. e4 c5 2. d4 cxd4 3. Qxd4 Nc6 4. Qe3 d6 5. Bd2 Nf6 6. Nc3 g6 7. O-O-O Bg7 8.
Bc4 Ng4 9. Qf4 O-O 10. h3 Be5 11. Qg5 Nxf2 12. Nf3 Bf6 13. Qg3 Nxh1 14. Rxh1
Na5 15. Bd3 Nc6 16. h4 h5 17. Nd5 Bg7 18. Bg5 Be6 19. Qf4 Bxd5 20. exd5 Ne5 21.
Nxe5 Bxe5 22. Qd2 Qb6 23. c3 Qa5 24. Bb1 Rfe8 25. g4 Rac8 26. gxh5 Bxc3 27.
bxc3 Qxc3+ 28. Qxc3 Rxc3+ 29. Kb2 Rc5 30. hxg6 fxg6 31. Bxg6 Rec8 32. Bf5 Rb5+
{(=)} 33. Ka1 Rc7 34. h5 Kh8 35. Be6 Rbc5 36. Rf1 Rc2 37. Rf8+ Kg7 38. Rf7+ Kh8
39. h6 Rg2 40. Rf8+ 1-0

[Event "34. ABC-Turnier 2014 - Gruppe B"]
[Site "Dortmund"]
[Date "2014.10.16"]
[Round "2.5"]
[White "Ropers, Klaus"]
[Black "Rauschenbusch, Udo"]
[Result "0-1"]
[WhiteElo "1705"]
[BlackElo "1648"]
[PlyCount "30"]
[EventDate "2014.??.??"]

1. d4 Nc6 2. c4 e5 3. d5 Nce7 4. e4 Ng6 5. Nc3 Bc5 6. Nf3 d6 7. g3 N8e7 8. Bg2
O-O 9. O-O f5 10. exf5 Bxf5 11. Qe2 Qd7 12. Re1 Bg4 13. a3 Nf5 14. Be3 Bd4 15.
Rac1 Bxc3 0-1

[Event "34. ABC-Turnier 2014 - Gruppe B"]
[Site "Dortmund"]
[Date "2014.10.23"]
[Round "3.1"]
[White "Rauschenbusch, Udo"]
[Black "Rahner, Norbert"]
[Result "0-1"]
[WhiteElo "1648"]
[BlackElo "1667"]
[PlyCount "50"]
[EventDate "2014.??.??"]

1. f4 d5 2. Nf3 Nf6 3. g3 b6 4. Bg2 Bb7 5. O-O Nbd7 6. d3 e6 7. c3 Be7 8. h3 c5
9. Qe1 Qc7 10. Nbd2 O-O 11. e4 dxe4 12. dxe4 b5 13. b3 Rad8 14. Qe2 Nb6 15. e5
Nfd5 16. Ne4 c4 17. b4 Na4 18. Qc2 Qb6+ 19. Kh1 Ne3 20. Bxe3 Qxe3 21. Rfe1 Qd3
22. Qf2 Bxe4 23. Rad1 Qxd1 24. Rxd1 Rxd1+ 25. Kh2 Rfd8 0-1

[Event "34. ABC-Turnier 2014 - Gruppe B"]
[Site "Dortmund"]
[Date "2014.10.23"]
[Round "3.2"]
[White "König, Daniela"]
[Black "Ropers, Klaus"]
[Result "0-1"]
[WhiteElo "1691"]
[BlackElo "1705"]
[PlyCount "68"]
[EventDate "2014.??.??"]

1. e4 c5 2. Nf3 Nc6 3. d4 cxd4 4. Nxd4 Nf6 5. Nc3 e5 6. Nf3 Bb4 7. Bd2 O-O 8.
Bd3 Kh8 9. a3 Bxc3 10. Bxc3 d5 11. Qe2 Bg4 12. h3 Bh5 13. O-O-O d4 14. Bd2 a6
15. g4 Bg6 16. Nh4 b5 17. f4 exf4 18. Bxf4 Qb6 19. Nxg6+ fxg6 20. Bd2 b4 21.
axb4 Nxb4 22. Bxb4 Qxb4 23. Qe1 Qb6 24. Kd2 Qxb2 25. Ra1 Rfc8 26. Qd1 Qc3+ 27.
Ke2 Nxe4 28. Qe1 Qc6 29. Qg1 Nc3+ 30. Kd2 Qd6 31. Qh2 Qc5 32. Rhe1 Nd5 33. Ke2
Rf8 34. Rf1 Rae8+ 0-1